000 00923cam a22002411i 4500
003 SA-RiAUC
005 20251110082033.0
008 251107q19901999||| g 000 0 ara c
040 _aJO-MaAABU
_bara
_cSA-RiAUC
_erda
050 4 _bS52. 1990
082 0 4 _a210
090 _a210
_bش ن ق
100 1 _aالشنقيطي، محمد الأمين بن محمد المختار بن عبد القادر،
_d1907-1973
_eمؤلف.
245 1 2 _aالإسلام دين كامل /
_cمحمد الأمين الشنقيطي.
264 1 _a[مكان النشر غير محدد] :
_b[الناشر غير محدد]،
_c[بين 1990 و1999]
300 _a32 صفحة؛
_c18 سم.
336 _aنص
_btxt
_2rdacontent
_3كتاب
337 _aبدون وسيط
_bn
_2rdamedia
338 _aمجلد
_bnc
_2rdacarrier
650 7 _aالإسلام
_2aucsh
942 _2ddc
_cBOOK
_n0
949 _aSA-JeALM
_d251107
_umohamedma123
_n1
999 _c13128
_d13128